Loading...
| History - Other | 1 | 4 | 0 | 0 | 55 | 56 | 89.60 | 3 | 5 | 18.87 | 44.44 |
| Social Science | 0 | 5 | 0 | 1 | 50 | 71 | 101.80 | 1 | 4 | 11.63 | 38.89 |
| History - European | 3 | 0 | 1 | 0 | 40 | 27 | 39.67 | 3 | 3 | 20.52 | 30.00 |
| History - American | 0 | 4 | 0 | 1 | 40 | 68 | 90.75 | 3 | 4 | 11.55 | 32.50 |
| Literature - European | 1 | 2 | 0 | 1 | 35 | 72 | 111.00 | 1 | 3 | 5.33 | 25.00 |
| Literature - World | 0 | 2 | 0 | 0 | 20 | 109 | 112.50 | 0 | 2 | 3.85 | 12.50 |
| Mythology | 1 | 1 | 1 | 1 | 20 | 54 | 67.00 | 2 | 2 | 10.55 | 22.22 |
| Religion | 0 | 2 | 1 | 1 | 15 | 125 | 128.50 | 1 | 2 | 1.43 | 19.44 |
| Pop Culture | 1 | 0 | 0 | 0 | 15 | 66 | 66.00 | 0 | 1 | 18.37 | 25.00 |
| Current Events | 0 | 1 | 0 | 0 | 10 | 84 | 84.00 | 0 | 0 | 28.81 | 25.00 |
| History - World | 0 | 1 | 0 | 0 | 10 | 63 | 63.00 | 1 | 1 | 4.55 | 6.82 |
| Other Academic | 0 | 1 | 0 | 0 | 10 | 77 | 77.00 | 1 | 1 | 21.05 | 50.00 |
| Literature - American | 0 | 1 | 1 | 0 | 5 | 114 | 114.00 | 0 | 1 | 2.60 | 7.50 |
| Fine Arts - Visual | 0 | 1 | 1 | 0 | 5 | 83 | 83.00 | 1 | 1 | 4.03 | 10.00 |
| Literature - British | 0 | 1 | 1 | 0 | 5 | 136 | 136.00 | 0 | 1 | 0.07 | 7.50 |
| Fine Arts - Auditory | 0 | 0 | 1 | 0 | -5 | 0.00 | 0 | 0 | 0.00 | 0.00 |